000 00836nam a22002537a 4500
001 74945
003 UA-OsUOA
005 20191219155251.0
007 ta
008 20110426b un ||||| |||| 00| 0 ukr d
020 _a978-966-351-193-1
040 _aUA-OsUOA
_bukr
_cUA-OsUOA
_dUA-OsUOA
041 _aukr
080 _a65.012.32
090 _a65.012.32
_bД81
100 _aДудник І.М.
245 _aВступ до загальної теорії систем: навч. посіб.
260 _aК.
_bКондор
_c2009
300 _a205 с.
650 7 _a65 Управління підприємствами. Організація виробництва, торговлі та засоби зв'язку
_2UDC
942 _cBK
_2udc
955 _a2
999 _c361243
_d361243